|
|
|
|
| LEADER |
00000nam0a2200000 4500 |
| 001 |
128910 |
| 005 |
20231101220137.0 |
| 035 |
|
|
|a (RuTPU)RU\TPU\book\139504
|
| 090 |
|
|
|a 128910
|
| 100 |
|
|
|a 20080116d1984 m y0rusy50 ca
|
| 101 |
0 |
|
|a rus
|a ger
|
| 102 |
|
|
|a RU
|
| 105 |
|
|
|a a z 001ad
|
| 200 |
1 |
|
|a Голубой мост
|d Die blaue Brücke
|e из творчества ленинградских и дрезденских писателей
|f сост. Б. Н. Никольский, Д. Т. Хренков
|
| 210 |
|
|
|a Ленинград
|c Лениздат
|d 1984
|
| 215 |
|
|
|a 519 с.
|c ил.
|
| 320 |
|
|
|a Об авторах: с. 506-513
|
| 510 |
1 |
|
|a Die blaue Brücke
|z ger
|
| 606 |
1 |
|
|a Немецкий язык
|x Хрестоматии. Книги для чтения
|2 stltpush
|3 (RuTPU)RU\TPU\subj\45393
|9 64635
|
| 610 |
1 |
|
|a русская литература
|
| 610 |
1 |
|
|a немецкая литература
|
| 610 |
1 |
|
|a проза
|
| 610 |
1 |
|
|a стихи
|
| 610 |
1 |
|
|a билингвы
|
| 686 |
|
|
|a Ш143.24-922.8
|2 rubbk
|
| 702 |
|
1 |
|a Никольский
|b Б. Н.
|c русский писатель
|f 1931-2011
|g Борис Николаевич
|2 stltpush
|3 (RuTPU)RU\TPU\pers\37230
|4 220
|9 20208
|
| 702 |
|
1 |
|a Хренков
|b Д. Т.
|g Дмитрий Терентьевич
|4 220
|
| 801 |
|
1 |
|a RU
|b 63413507
|c 20080116
|g PSBO
|
| 801 |
|
2 |
|a RU
|b 63413507
|c 20220708
|g RCR
|
| 942 |
|
|
|c BK
|